Rubinstein y España (Record no. 6225)

MARC details
000 -LEADER
campo de control de longitud fija 01022nam a2200265 i 4500
001 - NÚMERO DE CONTROL
campo de control 6225
003 - IDENTIFICADOR DE NÚMERO DE CONTROL
campo de control ES-MaACL
005 - FECHA Y HORA DE LA ÚLTIMA TRANSACCIÓN
campo de control 20230906144835.0
007 - CAMPO FIJO DE DESCRIPCIÓN FÍSICA--INFORMACIÓN GENERAL
campo de control de longitud fija t|
008 - DATOS DE LONGITUD FIJA--INFORMACIÓN GENERAL
campo de control de longitud fija 890830s1987 sp ||||0| spa d
020 ## - NÚMERO INTERNACIONAL ESTÁNDAR DEL LIBRO
Número Internacional Estándar del Libro 84-7506-207-5
080 ## - NÚMERO DE LA CLASIFICACIÓN DECIMAL UNIVERSAL
Número de la Clasificación Decimal Universal 7(438)"1887/1982"Rubinstein
245 00 - MENCIÓN DEL TÍTULO
Título Rubinstein y España
Resto del título : exposicion homenaje a Arturo Rubinstein /
Mención de responsabilidad, etc. organizada por el IX Concurso internacional de piano Paloma O'Shea ; bajo el patrocinio de la Fundacion Isaac Albeniz.
260 ## - PUBLICACIÓN, DISTRIBUCIÓN, ETC.
Lugar de publicación, distribución, etc. [S.l. :
Nombre del editor, distribuidor, etc. s.n.],
Fecha de publicación, distribución, etc. D.L. 1987 (
Lugar de fabricación/manufactura Madrid :
Fabricante OMNIA)
300 ## - DESCRIPCIÓN FÍSICA
Extensión 368 p. :
Otras características físicas il. ;
Dimensiones 35 cm.
500 ## - NOTA GENERAL
Nota general Incluye partituras.
600 14 - PUNTO DE ACCESO ADICIONAL DE MATERIA--NOMBRE DE PERSONA
Nombre de persona Rubinstein, Artur-
Subdivisión de forma Exposiciones.
9 (RLIN) 100332
655 #7 - TERMINO DE INDIZACIÓN--GENERO/FORMA
Fuente del término tgfbne
9 (RLIN) 193628
Datos o término principal de género/forma Catálogos de exposiciones
700 1# - ENTRADA AGREGADA--NOMBRE PERSONAL
Nombre de persona O'Shea, Paloma.
9 (RLIN) 86368
710 2# - ENTRADA AGREGADA--NOMBRE DE ENTIDAD CORPORATIVA
Nombre de entidad corporativa o nombre de jurisdicción como elemento de entrada Fundación Albéniz.
9 (RLIN) 4210
711 2# - ENTRADA AGREGADA--NOMBRE DE REUNIÓN
Nombre de congreso/reunión o jurisdicción como elemento de entrada Concurso Internacional de Piano Paloma O'Shea (
Número del congreso/reunión o número de parte o sección 9º.
Fecha del congreso o de la firma del tratado 1987.
Sede del congreso/Lugar de la reunión Santander)
9 (RLIN) 130
852 ## - LOCALIZACIÓN
Ubicación ES-MaACL
Número de control de estantería L-13332
Sublocalización o colección R.116225
Nota libre . - tela
942 ## - ELEMENTOS DE ENTRADA SECUNDARIOS (KOHA)
Fuente del sistema de clasificación o colocación Clasificación decimal universal
Holdings
Estatus retirado Estado de pérdida Estado de daño No para préstamo Biblioteca de origen Biblioteca actual Ubicación en estantería Fecha de adquisición Fuente de adquisición Total de préstamos Signatura topográfica completa Código de barras Visto por última vez Precio de reemplazo Tipo de ítem Koha
        Biblioteca del Ateneo de Madrid Biblioteca del Ateneo de Madrid Depósito 2 17/01/2008     L-13332 1006337 23/02/2023 23/02/2023 Libro impreso